[Event "LTU-ch Women 2020"]
[Site "Vilnius"]
[Date "2020.11.24"]
[Round "6.5"]
[White "Sulikiene, Kristina"]
[Black "Sukyte, Kotryna"]
[Result "1/2-1/2"]
[WhiteElo "1892"]
[BlackElo "1405"]
[Annotator "NA"]
[PlyCount "109"]
[EventDate "2020.11.20"]
[EventType "swiss"]
[EventCountry "LTU"]
[SourceTitle "playchess.com"]
[Source "ChessBase"]
[SourceQuality "1"]
[TimeControl "40/5400+30:1800+30"]

{[%evp 8,101,34,23,22,-32,-7,-30,0,-20,-25,-36,-23,-37,-22,-36,-32,-37,-37,-64,-26,-86,-72,-75,-77,-66,-68,-75,-42,-43,-49,-46,-68,-40,-47,-72,32767,32767,32767,32767,32767,32767,32767,32767,32767,32767,32767,-104,-72,-80,32767,32767,32767,32767,32767,32767,-134,-140,-145,-151,-78,-82,-79,-70,-79,32767,0,0,0,0,0,0,0,0,12841,7,14,32767,32767,32767,32767,32767,32767,32767,32767,32767,32767,32767,32767,0,32767,-351,-548,-712,0,0]} 1. e4 {[%emt 0:00:00]} Nf6 {[%emt 0:00:00]} 2. Nc3 {[%emt 0:00:12]} d5 {[%emt 0:00:00]} 3. exd5 {[%emt 0:01:02]} Nxd5 {[%emt 0:00:01]} 4. Bc4 {[%emt 0:00:08]} Nb6 {[%emt 0:00:11]} 5. Bb3 {[%emt 0:00:47]} c5 {[%emt 0:00:59]} 6. a4 {[%emt 0:01:46]} (6. d3 $11) 6... c4 {[%emt 0:08:33]} 7. Ba2 {[%emt 0:00:17]} Nc6 {[%emt 0:01:01]} 8. d3 {[%emt 0:02:56]} cxd3 {[%emt 0:01:05]} 9. cxd3 {[%emt 0:00:33]} Nb4 {[%emt 0:03:29]} 10. Bb1 {[%emt 0:05:45]} Bf5 {[%emt 0:08:02]} 11. a5 {[%emt 0:04:24]} N6d5 {[%emt 0:05:22]} 12. Qa4+ {[%emt 0:13:04]} Bd7 {[%emt 0:06:52]} 13. Qb3 {[%emt 0:00:32]} Bc6 {[%emt 0:01:47]} 14. Nxd5 {[%emt 0:01:33]} (14. Ne4 $11 {keeps the balance.}) 14... Qxd5 {[%emt 0:15:46]} 15. Qxd5 {[%emt 0:00:32]} ({Don't go for} 15. Qxb4 $2 Qxg2 16. Be3 Qxh1 $19) 15... Bxd5 {[%emt 0:00:31]} 16. f3 {[%emt 0:00:58]} Rc8 {[%emt 0:02:57]} 17. Ne2 {[%emt 0:04:56]} e5 {[%emt 0:06:03]} 18. Nc3 {[%emt 0:03:14]} Be6 {[%emt 0:02:44]} 19. Be3 {[%emt 0:01:22]} Bc5 {[%emt 0:02:47]} 20. Bxc5 {[%emt 0:04:32]} Rxc5 {[%emt 0:00:11]} 21. O-O {[%emt 0:00:35]} O-O {[%emt 0:04:44]} 22. f4 {[%emt 0:09:08]} Rd8 {[%emt 0:06:18]} 23. f5 {[%emt 0:08:48]} Bd5 {[%emt 0:09:00]} 24. Ra4 {[%emt 0:08:12]} Nc6 {[%emt 0:01:07]} 25. a6 {[%emt 0:00:59]} b6 {[%emt 0:03:38]} 26. Nxd5 {[%emt 0:03:45]} Rdxd5 {[%emt 0:01:15]} 27. Rc4 {[%emt 0:08:53]} Rxc4 {[%emt 0:01:23]} 28. dxc4 {[%emt 0:00:04]} Rd4 {[%emt 0:00:40]} 29. b3 {[%emt 0:01:04]} f6 {[%emt 0:02:03]} 30. Rc1 {[%emt 0:02:39]} Nb4 {[%emt 0:00:29]} 31. Kf2 {[%emt 0:02:11]} Nxa6 {[%emt 0:00:54]} 32. Ke3 {[%emt 0:00:43]} Kf8 {[%emt 0:01:04]} 33. Bc2 {[%emt 0:01:30]} Nb4 {[%emt 0:00:31]} ({Better is} 33... Nc5 34. Rd1 Rxd1 35. Bxd1 a5) 34. Be4 {[%emt 0:00:16]} Ke7 {[%emt 0:01:20]} 35. c5 {[%emt 0:02:09]} Kd7 {[%emt 0:01:17]} 36. Ra1 {[%emt 0:00:33]} bxc5 {[%emt 0:01:35]} (36... Nc6 $15 37. Bxc6+ Kxc6 38. Rxa7 Rg4) 37. Rxa7+ {[%emt 0:00:09]} Kd6 {[%emt 0:00:19]} 38. Rxg7 {[%emt 0:00:23]} Nd5+ {[%emt 0:00:39]} 39. Bxd5 {[%emt 0:02:04]} Kxd5 {[%emt 0:00:14]} 40. Rxh7 {[%emt 0:00:46]} e4 $2 {[%emt 0:01:10] [#]} 41. Rb7 $2 {[%emt 0:06:37]} ({Only move:} 41. Rd7+ $1 $18 Ke5 42. Rxd4 cxd4+ 43. Kd2) 41... Ke5 {[%emt 0:01:27]} 42. Rb5 {[%emt 0:04:22]} Rd3+ {[%emt 0:00:19]} 43. Ke2 {[%emt 0:01:37]} Kxf5 {[%emt 0:03:10]} 44. Rxc5+ {[%emt 0:00:19]} Kg4 {[%emt 0:01:23]} 45. b4 {[%emt 0:01:25]} Rb3 {[%emt 0:00:32]} 46. b5 {[%emt 0:01:38]} f5 {[%emt 0:01:05]} 47. h3+ {[%emt 0:03:42]} Kf4 {[%emt 0:02:43]} 48. h4 {[%emt 0:00:19]} Rb2+ {[%emt 0:00:17]} 49. Kd1 $2 {[%emt 0:01:23]} ({White has to play} 49. Kf1 $15) 49... Rxg2 {[%emt 0:01:08]} 50. Rc2 {[%emt 0:02:22]} Rxc2 $11 {[%emt 0:04:17]} ({Better is} 50... Rg1+ $19 51. Ke2 Rb1) 51. Kxc2 {[%emt 0:00:05]} Kf3 {[%emt 0:00:09]} 52. b6 {[%emt 0:00:18]} e3 {[%emt 0:00:13]} 53. b7 {[%emt 0:00:08]} e2 {[%emt 0:00:15]} 54. b8=Q {[%emt 0:00:03]} e1=Q {[%emt 0:00:12]} 55. Qb3+ {[%emt 0:03:38]} 1/2-1/2